| 000 | 00352nam a2200133Ia 4500 | ||
|---|---|---|---|
| 008 | 250506s9999 xx 000 0 und d | ||
| 024 | _a03A-BS-19 | ||
| 082 | _a005.36072 QAS | ||
| 100 | _aMuhammad Qasim Pasta | ||
| 245 | 0 | _aGrid Databases | |
| 260 |
_aKarachi: _bUIT, _c2003 |
||
| 600 | _aComputer Science | ||
| 650 | _aBachelor of Computer Science (BS) | ||
| 999 |
_c27447 _d27447 |
||